المعتقد المنتقد /almuetaqad almuntaqid / (Record no. 80960)
[ view plain ]
| 000 -LEADER | |
|---|---|
| fixed length control field | 01941nam a2200289 a 4500 |
| 001 - CONTROL NUMBER | |
| control field | 80960 |
| 003 - CONTROL NUMBER IDENTIFIER | |
| rucl marc code | BD-RjUL |
| 005 - DATE AND TIME OF LATEST TRANSACTION | |
| control field | 20221212155749.0 |
| 008 - FIXED-LENGTH DATA ELEMENTS--GENERAL INFORMATION | |
| fixed length control field | 221212s1975 tu 000 0 ara d |
| 035 ## - SYSTEM CONTROL NUMBER | |
| System control number | (BD-RjUL)80960 |
| 040 ## - CATALOGING SOURCE | |
| Original cataloging agency | NNL |
| Language of cataloging | ara |
| Transcribing agency | BD-RjUL |
| 041 0# - LANGUAGE CODE | |
| Language code of text/sound track or separate title | ara |
| 082 ## - DEWEY DECIMAL CLASSIFICATION NUMBER | |
| Edition number | 23 |
| Classification number | 297 |
| Author mark and year | BAM 1975 |
| 100 1# - MAIN ENTRY--PERSONAL NAME | |
| Personal name | البدايوني، فضل رسول بن عبد المجيد،Al-Badayoni, Fadl Rasool Ibn Abdul-Majid, |
| Dates associated with a name | توفي 1872 |
| 9 (RLIN) | 6299 |
| 245 12 - TITLE STATEMENT | |
| Title | المعتقد المنتقد /almuetaqad almuntaqid / |
| Statement of responsibility, etc. | من تصنيف فضل الرسول القادري البركاتي البدايونى، مع تعليقه اللطيف المسمى بالاسم التاريخي المستند المعتمد بناء نجاة الأبد، من رشحات قلم احمد رضا خان القادري البركاتي الحنفي البريلوي.min tasnif fadl alrasul alqadiriu albarkati albadayunaa, mae taeliqih allatif almusamaa bialaism altaarikhii almustanid almuetamad bina' najaat al'abdu, min rashahat qalam aihmad rida khan alqadiri albarkati alhanafii albirilwi. |
| 246 33 - VARYING FORM OF TITLE | |
| Title proper/short title | المستند المعتمد بناء نجاة الأبد |
| Title proper/short title | مستند المعتمد بناء نجاة الأبد |
| 260 ## - PUBLICATION, DISTRIBUTION, ETC. (IMPRINT) | |
| Place of publication, distribution, etc. | استانبول : |
| Name of publisher, distributor, etc. | مكتبة حامدية، |
| Date of publication, distribution, etc. | 1975. |
| 300 ## - PHYSICAL DESCRIPTION | |
| Pagination | 272ص. |
| Size | 23 cm |
| 500 ## - GENERAL NOTE | |
| General note | تسجيل فهرسي مختصر لاجل مشروع الفهرسة العربية في المكتبة الوطنية الاسرائيلية |
| General note | Brief cataloging record created for the Arabic Cataloging Project of the National Library of Israel. |
| 600 14 - SUBJECT ADDED ENTRY--PERSONAL NAME | |
| Personal name | البدايوني، فضل رسول بن عبد المجيد، |
| Dates associated with a name | توفي 1872. |
| Title of a work | المعتقد المنتقد |
| 700 1# - ADDED ENTRY--PERSONAL NAME | |
| Personal name | البدايوني، فضل رسول بن عبد المجيد، |
| Dates associated with a name | توفي 1872. |
| Personal name | خان، محمد أحمد رضا، |
| Dates associated with a name | 1856-1921 |
| 942 ## - ADDED ENTRY ELEMENTS (KOHA) | |
| Source of classification or shelving scheme | Dewey Decimal Classification |
| Koha item type | Books |
| 990 ## - EQUIVALENCES OR CROSS-REFERENCES [LOCAL, CANADA] | |
| Link information for 9XX fields | universities |
| Lost status | Source of classification or shelving scheme | Damaged status | Not for loan | Collection code | Permanent Location | Current Location | Shelving location | Date acquired | Cost, normal purchase price | Total Checkouts | Full call number | Date last seen | Copy number | Koha item type |
|---|---|---|---|---|---|---|---|---|---|---|---|---|---|---|
| Dewey Decimal Classification | Not For Loan | Non-fiction | Central Library, University of Rajshahi | Central Library, University of Rajshahi | Reading Room | 17/01/1980 | 20.00 | A 297 BAM 1975 | 12/12/2022 | C-1 | Books |